000 00356nam a2200133Ia 4500
008 220217s9999||||xx |||||||||||||| ||und||
082 _a621.382 7 PAL
100 _aPalais, Joseph
_93018
245 0 _aFiber optic communication
250 _a4th
260 _aPearson education asia
_bDelhi
_c2003
300 _b225
650 _aOPTICAL COMMUNICATION
999 _c170706
_d170706